Personnages Star Wars (Canon & Legends) - Statistiques

Statistiques générales
  • Ce quiz a été pris 89 fois
  • Le résultat moyen est 12 sur 36
Statistiques - réponses
Par images Réponse % Correct
Grogu
95%
Qui-Gon Jinn
92%
Grand Moff Tarkin
90%
Cad Bane
82%
Cal Kestis
77%
Dark Bane
71%
Ki-Adi-Mundi
64%
Dark Plagueis
63%
Bossk
59%
Moff Gideon
58%
IG-88
56%
Dark Malak
51%
Aylin Vel
38%
Docteur Aphra
37%
Valkorion
36%
Dark Krayt
34%
Exar Kun
26%
Babu Frik
22%
Greez Dritus
22%
0-0-0
18%
Dark Zannah
18%
Eno Cordova
18%
Nomi Sunrider
14%
Roi Adas
14%
Chief Chirpa
12%
General Hoth
12%
Skere Kaan
12%
State Pestage
10%
Avar Kriss
7%
Githany
7%
Loden Greatstorm
7%
Nom Anor
7%
Klaud
5%
Vandar Tokare
5%
Daho Sejan
4%
Tor Valum
4%
Aucun quiz correspondant
Distribution des résultats
% des personnes avec chaque résultat
Percentile par nombre de réponses
Votre historique - résultats
Vous n’avez pas pris ce quiz